| 000 | 00705cam a22002414a 4500 | ||
|---|---|---|---|
| 008 | |||
| 020 | _a9781848002890 (pbk.) | ||
| 049 | _aMAIN | ||
| 090 |
_aQA39.3 _bGOU |
||
| 100 | 1 | _aGould, Martin. | |
| 245 | 1 | 0 |
_aBridging the gap to university mathematics / _cEdward Hurst [and] Martin Gould. |
| 260 |
_aLondon : _bSpringer, _cc2009. |
||
| 300 |
_ax, 344 p. : _bill. ; _c24 cm. |
||
| 500 | _aIncludes index. | ||
| 650 | 0 | _aMathematics. | |
| 650 | 0 |
_aMathematics _vProblems, exercises, etc. |
|
| 700 | 1 | _aHurst, Edward. | |
| 907 |
_a.b10326340 _b19-02-13 _c31-01-13 |
||
| 003 | |||
| 005 | 20230123121958.0 | ||
| 040 | _cNUST | ||
| 942 |
_cBOOKS _kQA39.3 _mGOU |
||
| 999 |
_c125704 _d125704 |
||